000 00487nam a22001577a 4500
003 BUBTL
008 190622b xxu||||| |||| 00| 0 eng d
082 _a690.5492
245 _aBangladesh National Building Code ( Volume-3 )
260 _aDhaka :
_bHousing and Building Research Institute,
_cc2017.
300 _axii, 1200 p. :
_bill.;
_c28 cm.
650 0 _92171
_aCivil Engineering
856 _k0
_l0
_yDownload
942 _2ddc
_cBK
999 _c6077
_d6077